Top 10 Most Common Allergies - Statistics

General Stats
  • This quiz has been taken 72 times
  • The average score is 5 of 10
Answer Stats
Hint Allergy % Correct
1 Pollen
74%
3 Nuts
67%
5 Milk
65%
8 Wheat
62%
9 Pet
56%
10 Dust
48%
2 Peanuts
41%
4 Shellfish
39%
6 Egg
38%
7 Soy
29%
No matching quizzes found
Score Distribution
Percent of People with Each Score
Percentile by Number Answered
Your Score History
You have not taken this quiz